00343 2200145 4500001002100000005001500021035002000036245002600056100001400082300002200096260004300118082000600161084001200167020001800179INLIS00000000000037220260331095845 a0010-03260000041 aMatahari /cTere Liye0 aTere Liye a392 hlm. ;c20 cm aJakarta :bSabak Grip Nusantara,c2024 aF aF TER m a9786239726270